Zdravotné a kozmetické benefity astaxantínu bakalárska práca

Uložené v:
Podrobná bibliografia
Hlavný autor: Hozlárová, Klára
Médium: Kniha
Jazyk:Slovak
Vydavateľské údaje: Bratislava STU FCHPT 2018
On-line prístup:View in OPAC
Tagy: Pridať tag
Žiadne tagy, Buďte prvý, kto otaguje tento záznam!

MARC

LEADER 00000nam a2200000 a 4500
005 20260127134307.0
008 180925 2018 xo a 001 0 slo d
035 |a vtls011780891 
039 9 |y 201809251250  |z mschk03 
040 |a STUSCHK1  |b slo  |c STUSCHK1  |e AACR2 
100 1 |a Hozlárová, Klára 
245 1 |a Zdravotné a kozmetické benefity astaxantínu  |b bakalárska práca  |c Klára Hozlárová 
260 |a Bratislava  |b STU FCHPT  |c 2018 
300 |a 51 s.  |b il.  |c 25 cm 
500 |a Študijný program: výživa, kozmetika, ochrana zdravia 
500 |a Študijný odbor: potravinárstvo 
500 |a Školiace pracovisko: Ústav potravinárstva a výživy 
500 |a Evid. číslo: FCHPT-104558-82140 
910 |a SCHK95 
999 |c 8987  |d 8987